Smart city : cap al municipi intel·ligent / cap al municipi intel·ligent /
ISBN:
9788498036848
Descripción Física:
252 pàgines : il·lustracions ; 29 cm
Colección:
Documents de Treball. Sèrie Medi Ambient
; 8
Materias:
Ciutats Intel·ligents
; Administració local -- Barcelona (Catalunya : Província)
; Manuals, vademècums, etc.
Idioma:
Catalán
MARC
| LEADER | 00000nam a2200000 a 4500 | ||
|---|---|---|---|
| 001 | 26175 | ||
| 003 | Arxiu | ||
| 005 | 20260324181128.0 | ||
| 008 | 220706b spa||||| |||| 00| 0 cat d | ||
| 017 | |a DL B 16643-2014 | ||
| 020 | |a 9788498036848 | ||
| 080 | |a Bib-784 | ||
| 245 | 0 | 0 | |a Smart city : |b cap al municipi intel·ligent / |c coordinació: Salvador Fuente Bayó ; direcció: Imma Pruna González |
| 260 | |a Barcelona : |b Diputació de Barcelona, |c setembre 2014 | ||
| 300 | |a 252 pàgines : |b il·lustracions ; |c 29 cm | ||
| 490 | |a Documents de Treball. Sèrie Medi Ambient ; |v 8 | ||
| 546 | |a Text en català, castellà i anglès | ||
| 650 | 0 | |9 19298 |a Ciutats Intel·ligents | |
| 650 | 0 | |a Administració local |x Barcelona (Catalunya : Província) |9 30797 | |
| 655 | 0 | |9 52956 |a Manuals, vademècums, etc. | |
| 700 | 1 | |a Fuentes Bayó, Salvador |e coordinador |9 17868 | |
| 700 | |a Pruna González, Imma |e director |9 50558 | ||
| 710 | 1 | |a Barcelona (Catalunya : Província). |b Àrea de Territori i Sostenibilitat |9 52770 | |
| 942 | |2 udc |c ARXIU |n 1 | ||
| 952 | |0 0 |1 0 |4 0 |6 BIB784 |7 1 |9 62686 |a Arxiu |b Arxiu |d 2022-07-06 |l 0 |o Bib-784 |p 26175 |r 2022-07-06 00:00:00 |w 2022-07-06 |y ARXIU | ||
| 999 | |c 82218 |d 82218 | ||